000 00962cam a2200277 a 4500
008
020 _a0851986773 (pbk)
049 _aMAIN
090 _aSB112.5SQU
100 1 _aSquire, G. R.
_q(Geoffrey R.)
245 1 4 _aThe physiology of tropical crop production /
_cby G.R. Squire.
260 _aWallingford, Oxon, U.K. :
_bC.A.B. International for the Oversease Development Administration,
_cc1990.
300 _axiv, 236 p. :
_bill. ;
_c24 cm.
504 _aIncludes bibliographical references (p. 216-228).
500 _aIncludes index.
653 _aTropical regions
_aCrops
_aPhysiology.
650 0 _aTropical crops
_xPhysiology.
650 0 _aCrops
_xPhysiology.
710 2 _aC.A.B. International.
710 2 _aGreat Britain.
_bOverseas Development Administration.
907 _a.b10198040
_b07-04-06
_c06-04-06
003
005 20230123134205.0
040 _cNUST
942 _cBOOKS
_kSB112.5SQU
999 _c161599
_d161599